Integral calculus for JEE (Main & advanced) / (Record no. 75885)

MARC details
000 -LEADER
fixed length control field 00660nam a22002177a 4500
005 - DATE AND TIME OF LATEST TRANSACTION
control field 20130527143102.0
010 ## - LCCN (DPL NO)
LC control number ENG-107220
020 ## - INTERNATIONAL STANDARD BOOK NUMBER
International Standard Book Number 9781259064197
Terms of availability 325.00
020 ## - INTERNATIONAL STANDARD BOOK NUMBER
International Standard Book Number 1259064190
Terms of availability 325.00
035 ## - SYSTEM CONTROL NUMBER
System control number EN-90753
037 ## - SOURCE OF ACQUISITION
Source of stock number/acquisition DBAD/PUB
082 ## - DEWEY DECIMAL CLASSIFICATION NUMBER
Classification number 517.3
100 ## - MAIN ENTRY--PERSONAL NAME
Personal name Vinay Kumar
245 ## - TITLE STATEMENT
Title Integral calculus for JEE (Main & advanced) /
Statement of responsibility, etc by Vinay Kumar
250 ## - EDITION STATEMENT
Edition statement 2nd ed
260 ## - PUBLICATION, DISTRIBUTION, ETC. (IMPRINT)
Place of publication, distribution, etc New Delhi
Name of publisher, distributor, etc Tata McGraw Hill
Date of publication, distribution, etc 2013
270 ## - ADDRESS
Address P-24, Green Park Extension
City New Delhi
Postal code 110016
300 ## - PHYSICAL DESCRIPTION
Extent various pagings
Dimensions 24cm(pbk)
490 ## - SERIES STATEMENT
Series statement McGraw Hill education winning edge series
942 ## - ADDED ENTRY ELEMENTS (KOHA)
Source of classification or shelving scheme Dewey Decimal Classification
Item type English Books
Classification part 517.3
Call number suffix VIN
Holdings
Withdrawn status Lost status Not for loan Collection code Home library Current library Date acquired Source of acquisition Cost, normal purchase price Full call number Barcode Copy number Cost, replacement price Koha item type
    Not For Loan Non-fiction D.B.Act.Division D.B.Act.Division 22/05/2013 DBAD/PUB 325.00 517.3 VIN EN-90753 1 325.00 English Books

© Delhi Public Library
Hit Counter
free hit counter